[Event "Anderssen Festival 2019"]
[Site "Wroclaw"]
[Date "2019.08.07"]
[Round "4.13"]
[White "Zgadzaj, Rafal"]
[Black "Dytman, Radoslaw"]
[Result "1-0"]
[WhiteElo "2133"]
[BlackElo "1745"]
[Annotator "NA"]
[PlyCount "87"]
[EventDate "2019.08.05"]
[EventType "swiss"]
[EventCountry "POL"]
[SourceTitle "playchess.com"]
[Source "ChessBase"]
[SourceQuality "1"]
[TimeControl "40/5400+30:900+30"]

1. c4 {[%emt 0:00:00]} d6 {[%emt 0:00:00]} 2. g3 {[%emt 0:00:50]} e5 {[%emt 0:00:07]} 3. Bg2 {[%emt 0:00:01]} g6 {[%emt 0:00:16]} 4. Nc3 {[%emt 0:00:05]} Bg7 {[%emt 0:00:11]} 5. b4 {[%emt 0:00:23]} f5 {[%emt 0:04:12]} 6. Rb1 {[%emt 0:00:29]} Nf6 {[%emt 0:00:44]} 7. d3 {[%emt 0:00:43]} O-O {[%emt 0:00:32]} 8. Nf3 {[%emt 0:03:12]} Nc6 {[%emt 0:02:20]} 9. O-O {[%emt 0:00:43]} h6 {[%emt 0:01:33]} 10. b5 {[%emt 0:01:49]} Ne7 {[%emt 0:00:14]} 11. Qc2 {[%emt 0:07:25]} g5 {[%emt 0:03:36]} 12. c5 {[%emt 0:01:21]} g4 {[%emt 0:11:34]} 13. Qb3+ {[%emt 0:10:51]} Kh7 {[%emt 0:02:42]} 14. cxd6 {[%emt 0:00:11]} cxd6 {[%emt 0:01:43]} 15. Nd2 {[%emt 0:00:09]} d5 {[%emt 0:09:22]} 16. Ba3 {[%emt 0:09:13]} Be6 {[%emt 0:14:49]} 17. e4 {[%emt 0:13:26]} f4 {[%emt 0:13:53]} 18. exd5 {[%emt 0:00:40]} Bf7 {[%emt 0:07:59]} 19. Be4+ {[%emt 0:06:08]} Kh8 {[%emt 0:00:53]} 20. Nc4 {[%emt 0:06:17]} Nxe4 {[%emt 0:10:48]} 21. dxe4 {[%emt 0:00:21]} Rg8 {[%emt 0:02:48]} 22. Nd6 {[%emt 0:01:27]} Bg6 {[%emt 0:04:24]} 23. Nxb7 {[%emt 0:01:50]} Qb6 {[%emt 0:01:06]} 24. Nc5 {[%emt 0:01:15]} Nc8 {[%emt 0:02:01]} 25. Ne6 {[%emt 0:03:28]} Nd6 {[%emt 0:01:41]} 26. Bc5 {[%emt 0:05:13]} Qb8 {[%emt 0:00:12]} 27. Qb4 {[%emt 0:00:22]} Nf7 {[%emt 0:00:58]} 28. Rbd1 {[%emt 0:02:09]} Ng5 {[%emt 0:02:23]} 29. Nxg5 {[%emt 0:03:54]} hxg5 {[%emt 0:00:03]} 30. d6 {[%emt 0:00:01]} Qd8 {[%emt 0:01:10]} 31. d7 {[%emt 0:00:44]} Bf8 {[%emt 0:00:31]} 32. Bd6 {[%emt 0:03:08]} Qf6 {[%emt 0:00:25]} 33. Qc5 {[%emt 0:01:09]} Bxd6 {[%emt 0:00:04]} 34. Rxd6 {[%emt 0:01:51]} Qg7 {[%emt 0:00:04]} 35. Rfd1 {[%emt 0:11:09]} Rad8 {[%emt 0:00:05]} 36. Qxa7 {[%emt 0:00:25]} f3 {[%emt 0:01:55]} 37. Qc5 {[%emt 0:02:47]} Qh6 {[%emt 0:00:24]} 38. Kf1 {[%emt 0:00:45]} Qxh2 {[%emt 0:00:41]} 39. Ke1 {[%emt 0:00:54]} Qh1+ {[%emt 0:00:34]} 40. Kd2 {[%emt 0:00:00]} Qh7 {[%emt 0:00:00]} 41. Qxe5+ {[%emt 0:00:58]} Rg7 {[%emt 0:02:36]} 42. Qf6 {[%emt 0:01:52]} Qg8 {[%emt 0:01:13]} 43. Rh1+ {[%emt 0:00:19]} Bh7 {[%emt 0:00:06]} 44. Rxh7+ {[%emt 0:00:14]} 1-0

[Event "Anderssen Festival 2019"]
[Site "Wroclaw"]
[Date "2019.08.07"]
[Round "4.14"]
[White "Smal, Tobiasz"]
[Black "Pawicka, Magdalena"]
[Result "0-1"]
[WhiteElo "2027"]
[BlackElo "1700"]
[Annotator "NA"]
[PlyCount "110"]
[EventDate "2019.08.05"]
[EventType "swiss"]
[EventCountry "POL"]
[SourceTitle "playchess.com"]
[Source "ChessBase"]
[SourceQuality "1"]
[TimeControl "40/5400+30:900+30"]

1. c4 Nf6 2. Nc3 e6 3. d4 Bb4 4. f3 d5 5. a3 Bxc3+ 6. bxc3 c5 7. e3 Nc6 8. cxd5 Nxd5 9. Bd2 cxd4 10. cxd4 O-O 11. Bd3 e5 12. e4 Nf4 13. Bxf4 exf4 14. Ne2 Nxd4 15. Nxf4 Qg5 16. g3 Qa5+ 17. Kf2 Be6 18. Qe1 Qe5 19. Qe3 Rac8 20. Rac1 b6 21. Rxc8 Rxc8 22. Rc1 Rc5 23. Ba6 Nb3 24. Nd3 Qh5 25. Nxc5 Qxh2+ 26. Ke1 Qxg3+ 27. Qf2 Qxf2+ 28. Kxf2 Nxc1 29. Nxe6 fxe6 30. Bc4 Kf7 31. Ke3 b5 32. Bxb5 Nb3 33. f4 Ke7 34. e5 h6 35. Kd3 g5 36. fxg5 hxg5 37. Kc4 Nd2+ 38. Kc5 Nf3 39. Kc6 Nxe5+ 40. Kb7 Kd8 41. Kxa7 Kc7 42. a4 g4 43. a5 g3 44. Bf1 Ng6 45. a6 Nf4 46. Ka8 e5 47. Bg2 Ne6 48. Bf3 Nf8 49. Bg2 Nd7 50. Bf3 Kb6 51. Bb7 Nc5 52. a7 Kc7 53. Bc6 g2 54. Bxg2 Nd7 55. Bf3 Nb6# 0-1

[Event "Anderssen Festival 2019"]
[Site "Wroclaw"]
[Date "2019.08.08"]
[Round "5.2"]
[White "Piotrowski, Przemyslaw"]
[Black "Butkiewicz, Lukasz"]
[Result "1/2-1/2"]
[WhiteElo "2273"]
[BlackElo "2425"]
[Annotator "NA"]
[PlyCount "130"]
[EventDate "2019.08.05"]
[EventType "swiss"]
[EventCountry "POL"]
[SourceTitle "playchess.com"]
[Source "ChessBase"]
[SourceQuality "1"]
[TimeControl "40/5400+30:900+30"]

1. Nf3 {[%emt 0:00:00]} Nf6 {[%emt 0:00:00]} 2. g3 {[%emt 0:00:00]} b5 {[%emt 0:00:00]} 3. Bg2 {[%emt 0:00:00]} Bb7 {[%emt 0:00:00]} 4. O-O {[%emt 0:00:00]} e6 {[%emt 0:00:00]} 5. d4 {[%emt 0:00:00]} Be7 {[%emt 0:00:06]} 6. a4 {[%emt 0:00:00]} b4 {[%emt 0:00:05]} 7. c3 {[%emt 0:00:21]} a5 {[%emt 0:00:15]} 8. Nbd2 {[%emt 0:00:20]} O-O {[%emt 0:00:15]} 9. Nb3 {[%emt 0:00:52]} bxc3 {[%emt 0:07:35]} 10. bxc3 {[%emt 0:00:29]} d5 {[%emt 0:04:11]} 11. Ne5 {[%emt 0:06:05]} Nbd7 {[%emt 0:02:13]} 12. Nd3 {[%emt 0:02:22]} Nb6 {[%emt 0:15:31]} 13. Ba3 {[%emt 0:02:05]} Bd6 {[%emt 0:05:58]} 14. Nbc5 {[%emt 0:13:59]} Bc6 {[%emt 0:04:24]} 15. Ne5 {[%emt 0:20:11]} Qe8 {[%emt 0:01:00]} 16. c4 {[%emt 0:00:50]} Nxc4 {[%emt 0:07:01]} 17. Nxc4 {[%emt 0:00:37]} dxc4 {[%emt 0:00:07]} 18. e4 {[%emt 0:01:01]} Nd7 {[%emt 0:06:39]} 19. Nxd7 {[%emt 0:32:56]} Qxd7 {[%emt 0:00:25]} 20. Bb2 {[%emt 0:01:25]} Rab8 {[%emt 0:08:10]} 21. Qc2 {[%emt 0:08:36]} Rb4 {[%emt 0:15:03]} 22. Bc3 {[%emt 0:01:30]} Bxa4 {[%emt 0:04:07]} 23. Qe2 {[%emt 0:00:05]} Rbb8 {[%emt 0:01:22]} 24. Bxa5 {[%emt 0:00:49]} Bb3 {[%emt 0:00:09]} 25. Qd2 {[%emt 0:01:25]} Rfd8 {[%emt 0:02:57]} 26. Rfc1 {[%emt 0:03:02]} Be7 {[%emt 0:02:29]} 27. d5 {[%emt 0:00:59]} Bf6 {[%emt 0:01:09]} 28. Bc3 {[%emt 0:00:03]} Bxc3 {[%emt 0:03:14]} 29. Qxc3 {[%emt 0:00:04]} c6 {[%emt 0:01:56]} 30. dxe6 {[%emt 0:00:41]} Qxe6 {[%emt 0:00:11]} 31. Ra7 {[%emt 0:03:26]} h6 {[%emt 0:00:32]} 32. Bf1 {[%emt 0:00:46]} Qxe4 {[%emt 0:00:39]} 33. Re1 {[%emt 0:00:05]} Qd5 {[%emt 0:02:37]} 34. Ree7 {[%emt 0:00:25]} Rf8 {[%emt 0:00:19]} 35. Rad7 {[%emt 0:00:13]} Qc5 {[%emt 0:01:04]} 36. Re4 {[%emt 0:01:46]} Qf5 {[%emt 0:03:23]} 37. Rde7 {[%emt 0:00:22]} Rbd8 {[%emt 0:01:26]} 38. Bxc4 {[%emt 0:00:19]} Bxc4 {[%emt 0:00:42]} 39. Qxc4 {[%emt 0:00:09]} Qf3 {[%emt 0:00:31]} 40. Re1 {[%emt 0:00:00]} Rd2 {[%emt 0:00:00]} 41. Qc5 {[%emt 0:07:13]} Rfd8 {[%emt 0:09:24]} 42. Qe3 {[%emt 0:00:59]} Qf6 {[%emt 0:00:40]} 43. Re2 {[%emt 0:04:02]} Rxe2 {[%emt 0:00:36]} 44. Qxe2 {[%emt 0:00:02]} c5 {[%emt 0:00:50]} 45. Re4 {[%emt 0:00:40]} Qa1+ {[%emt 0:01:37]} 46. Kg2 {[%emt 0:00:05]} Qa8 {[%emt 0:00:06]} 47. Qf3 {[%emt 0:01:11]} Re8 {[%emt 0:03:23]} 48. Rc4 {[%emt 0:00:13]} Qxf3+ {[%emt 0:01:00]} 49. Kxf3 {[%emt 0:00:03]} Re5 {[%emt 0:00:17]} 50. Kg2 {[%emt 0:03:10]} Kf8 {[%emt 0:02:30]} 51. f4 {[%emt 0:00:04]} Rd5 {[%emt 0:00:18]} 52. Kf3 {[%emt 0:00:13]} Ke7 {[%emt 0:00:15]} 53. Ra4 {[%emt 0:01:02]} Ke6 {[%emt 0:00:42]} 54. g4 {[%emt 0:00:29]} g6 {[%emt 0:00:48]} 55. Ke4 {[%emt 0:00:43]} f5+ {[%emt 0:00:32]} 56. gxf5+ {[%emt 0:00:01]} gxf5+ {[%emt 0:00:05]} 57. Ke3 {[%emt 0:00:06]} Rd6 {[%emt 0:00:16]} 58. Ra8 {[%emt 0:00:13]} Kd5 {[%emt 0:01:58]} 59. Rf8 {[%emt 0:00:26]} Re6+ {[%emt 0:00:06]} 60. Kf3 {[%emt 0:00:11]} c4 {[%emt 0:00:10]} 61. Rxf5+ {[%emt 0:00:12]} Kd4 {[%emt 0:00:06]} 62. Rf8 {[%emt 0:00:06]} c3 {[%emt 0:00:40]} 63. Rc8 {[%emt 0:00:13]} Kd3 {[%emt 0:00:41]} 64. f5 {[%emt 0:00:03]} Re1 {[%emt 0:01:11]} 65. Rd8+ {[%emt 0:04:43]} Kc4 {[%emt 0:00:05]} 1/2-1/2

[Event "Anderssen Festival 2019"]
[Site "Wroclaw"]
[Date "2019.08.08"]
[Round "5.3"]
[White "Eggink, Ryszard"]
[Black "Mitchell, Martin"]
[Result "1-0"]
[WhiteElo "2377"]
[BlackElo "2218"]
[Annotator "NA"]
[PlyCount "45"]
[EventDate "2019.08.05"]
[EventType "swiss"]
[EventCountry "POL"]
[SourceTitle "playchess.com"]
[Source "ChessBase"]
[SourceQuality "1"]
[TimeControl "40/5400+30:900+30"]

1. e4 {[%emt 0:02:15]} d6 {[%emt 0:00:29]} 2. d4 {[%emt 0:00:07]} Nf6 {[%emt 0:00:42]} 3. Nc3 {[%emt 0:00:05]} g6 {[%emt 0:00:00]} 4. Be3 {[%emt 0:00:05]} c6 {[%emt 0:00:58]} 5. Qd2 {[%emt 0:00:32]} b5 {[%emt 0:04:10]} 6. f3 {[%emt 0:02:15]} Nbd7 {[%emt 0:01:04]} 7. g4 {[%emt 0:07:35]} h5 {[%emt 0:08:28]} 8. g5 {[%emt 0:00:14]} Nh7 {[%emt 0:00:10]} 9. d5 {[%emt 0:09:35]} b4 {[%emt 0:19:04]} 10. dxc6 {[%emt 0:02:19]} Ne5 {[%emt 0:01:05]} 11. Bb5 {[%emt 0:01:26]} Qa5 {[%emt 0:05:09]} 12. Nd5 {[%emt 0:02:33]} Rb8 {[%emt 0:16:53]} 13. f4 {[%emt 0:16:56]} e6 {[%emt 0:05:09]} 14. fxe5 {[%emt 0:02:44]} Rxb5 {[%emt 0:02:12]} 15. exd6 {[%emt 0:06:16]} Bxd6 {[%emt 0:06:34]} 16. Nb6 {[%emt 0:02:58]} Be5 {[%emt 0:05:17]} 17. Nc4 {[%emt 0:05:17]} Qc7 {[%emt 0:00:37]} 18. Nf3 {[%emt 0:00:02]} O-O {[%emt 0:05:14]} 19. Ncxe5 {[%emt 0:00:18]} Rxe5 {[%emt 0:00:07]} 20. Nxe5 {[%emt 0:00:22]} Qxe5 {[%emt 0:00:08]} 21. O-O-O {[%emt 0:01:54]} Qxe4 {[%emt 0:00:43]} 22. Bc5 {[%emt 0:01:43]} Re8 {[%emt 0:00:55]} 23. c7 {[%emt 0:00:04]} 1-0

[Event "Anderssen Festival 2019"]
[Site "Wroclaw"]
[Date "2019.08.08"]
[Round "5.4"]
[White "Kareva, Natalia"]
[Black "Dubinski, Mateusz"]
[Result "1/2-1/2"]
[WhiteElo "2135"]
[BlackElo "2306"]
[Annotator "NA"]
[PlyCount "89"]
[EventDate "2019.08.05"]
[EventType "swiss"]
[EventCountry "POL"]
[SourceTitle "playchess.com"]
[Source "ChessBase"]
[SourceQuality "1"]
[TimeControl "40/5400+30:900+30"]

1. d4 {[%emt 0:00:00]} Nf6 {[%emt 0:00:22]} 2. c4 {[%emt 0:00:40]} g6 {[%emt 0:04:34]} 3. Nc3 {[%emt 0:00:26]} Bg7 {[%emt 0:00:04]} 4. e4 {[%emt 0:00:05]} O-O {[%emt 0:00:08]} 5. g3 {[%emt 0:01:24]} c6 {[%emt 0:11:24]} 6. Bg2 {[%emt 0:00:24]} d5 {[%emt 0:00:11]} 7. cxd5 {[%emt 0:01:20]} cxd5 {[%emt 0:00:05]} 8. e5 {[%emt 0:00:15]} Ne4 {[%emt 0:01:24]} 9. Nxe4 {[%emt 0:08:11]} dxe4 {[%emt 0:00:05]} 10. Bxe4 {[%emt 0:00:12]} Qa5+ {[%emt 0:24:29]} 11. Bd2 {[%emt 0:03:44]} Qb6 {[%emt 0:00:05]} 12. Bc3 {[%emt 0:00:15]} Nc6 {[%emt 0:12:12]} 13. Qb3 {[%emt 0:02:22]} Qa6 {[%emt 0:04:23]} 14. Rd1 {[%emt 0:03:24]} Bf5 {[%emt 0:01:57]} 15. f3 {[%emt 0:18:10]} Bxe4 {[%emt 0:04:51]} 16. fxe4 {[%emt 0:01:24]} b5 {[%emt 0:00:37]} 17. Nf3 {[%emt 0:03:32]} Qb6 {[%emt 0:09:31]} 18. Bb4 {[%emt 0:03:24]} Rfd8 {[%emt 0:15:10]} 19. Bc5 {[%emt 0:04:35]} Qa5+ {[%emt 0:00:04]} 20. Kf2 {[%emt 0:00:46]} Rac8 {[%emt 0:01:51]} 21. Rc1 {[%emt 0:04:13]} Bh6 {[%emt 0:01:24]} 22. Rc2 {[%emt 0:00:29]} b4 {[%emt 0:01:33]} 23. Rd1 {[%emt 0:08:25]} Bg7 {[%emt 0:01:21]} 24. Rc4 {[%emt 0:00:56]} Nxe5 {[%emt 0:01:44]} 25. Nxe5 {[%emt 0:07:43]} Bxe5 {[%emt 0:00:05]} 26. Bxb4 {[%emt 0:03:54]} Qb6 {[%emt 0:01:02]} 27. Bc5 {[%emt 0:00:35]} Rxc5 {[%emt 0:00:59]} 28. dxc5 {[%emt 0:00:17]} Qf6+ {[%emt 0:00:48]} 29. Kg2 {[%emt 0:00:24]} Rb8 {[%emt 0:00:20]} 30. Rb4 {[%emt 0:00:10]} Rc8 {[%emt 0:00:04]} 31. Qc2 {[%emt 0:01:25]} h5 {[%emt 0:01:00]} 32. Rd5 {[%emt 0:03:13]} h4 {[%emt 0:00:32]} 33. Qf2 {[%emt 0:01:14]} Qe6 {[%emt 0:00:44]} 34. Rb3 {[%emt 0:03:57]} hxg3 {[%emt 0:00:24]} 35. hxg3 {[%emt 0:00:59]} Kg7 {[%emt 0:00:11]} 36. Qc2 {[%emt 0:04:48]} f6 {[%emt 0:00:11]} 37. Rd1 {[%emt 0:00:42]} Rh8 {[%emt 0:00:49]} 38. Qf2 {[%emt 0:02:32]} Qh3+ {[%emt 0:00:59]} 39. Kf3 {[%emt 0:00:40]} Qh5+ {[%emt 0:00:14]} 40. g4 {[%emt 0:00:00]} Qh3+ {[%emt 0:00:00]} 41. Ke2 {[%emt 0:03:33]} Qxg4+ {[%emt 0:01:53]} 42. Qf3 {[%emt 0:00:08]} Rh2+ {[%emt 0:01:48]} 43. Kf1 {[%emt 0:00:11]} Rh1+ {[%emt 0:09:57]} 44. Ke2 {[%emt 0:00:11]} Rh2+ {[%emt 0:00:06]} 45. Kf1 {[%emt 0:00:08]} 1/2-1/2

[Event "Anderssen Festival 2019"]
[Site "Wroclaw"]
[Date "2019.08.08"]
[Round "5.5"]
[White "Barbier, Astrid"]
[Black "Gutenev, Alexander"]
[Result "0-1"]
[WhiteElo "1941"]
[BlackElo "2470"]
[Annotator "ChessBase"]
[PlyCount "54"]
[EventDate "2019.08.05"]
[EventType "swiss"]
[EventCountry "POL"]
[SourceTitle "playchess.com"]
[Source "ChessBase"]
[SourceQuality "1"]
[TimeControl "40/5400+30:900+30"]

1. e4 {[%emt 0:00:00]} c5 {[%emt 0:07:31]} 2. Nc3 {[%emt 0:00:00]} Nc6 {[%emt 0:00:06]} 3. Bb5 {[%emt 0:00:00]} Nd4 {[%emt 0:00:18]} 4. Bc4 {[%emt 0:00:00]} e6 {[%emt 0:00:19]} 5. Nf3 {[%emt 0:02:03]} a6 {[%emt 0:00:51]} 6. Nxd4 {[%emt 0:02:16]} cxd4 {[%emt 0:00:07]} 7. Ne2 {[%emt 0:00:10]} Nf6 {[%emt 0:01:29]} 8. d3 {[%emt 0:04:18]} Bc5 {[%emt 0:00:57]} 9. O-O {[%emt 0:05:07]} d5 {[%emt 0:07:41]} 10. exd5 {[%emt 0:01:37]} Nxd5 {[%emt 0:00:04]} 11. a3 {[%emt 0:04:55]} b5 {[%emt 0:01:35]} 12. Ba2 {[%emt 0:00:36]} Bb7 {[%emt 0:00:05]} 13. c4 {[%emt 0:09:28]} dxc3 {[%emt 0:01:33]} 14. Nxc3 {[%emt 0:01:04]} O-O {[%emt 0:02:52]} 15. Ne4 {[%emt 0:11:28]} Bd4 {[%emt 0:01:22]} 16. Rb1 {[%emt 0:00:52]} h6 {[%emt 0:06:04]} 17. b4 {[%emt 0:12:24]} Rc8 {[%emt 0:09:02]} 18. Bb2 {[%emt 0:02:55]} Bxb2 {[%emt 0:00:38]} 19. Rxb2 {[%emt 0:00:12]} Nc3 {[%emt 0:00:11]} 20. Nxc3 {[%emt 0:02:49]} Rxc3 {[%emt 0:00:05]} 21. Rb3 {[%emt 0:01:23]} Qd5 {[%emt 0:03:27]} 22. f3 {[%emt 0:01:30]} Qd4+ {[%emt 0:00:18]} 23. Kh1 {[%emt 0:01:00]} Rfc8 {[%emt 0:00:42]} 24. Bb1 {[%emt 0:08:11]} Bd5 {[%emt 0:04:40]} 25. Rxc3 {[%emt 0:03:27]} Rxc3 {[%emt 0:00:18]} 26. Qd2 {[%emt 0:01:06]} Rxa3 {[%emt 0:00:37]} 27. Rc1 {[%emt 0:00:22]} g5 {[%emt 0:00:19]} 0-1

[Event "Anderssen Festival 2019"]
[Site "Wroclaw"]
[Date "2019.08.08"]
[Round "5.6"]
[White "Chernyshov, Konstantin"]
[Black "Malecki, Rafal"]
[Result "1-0"]
[WhiteElo "2446"]
[BlackElo "2063"]
[Annotator "NA"]
[PlyCount "77"]
[EventDate "2019.08.05"]
[EventType "swiss"]
[EventCountry "POL"]
[SourceTitle "playchess.com"]
[Source "ChessBase"]
[SourceQuality "1"]
[TimeControl "40/5400+30:900+30"]

1. d4 {[%emt 0:00:00]} Nf6 {[%emt 0:00:32]} 2. c4 {[%emt 0:00:30]} e5 {[%emt 0:00:52]} 3. dxe5 {[%emt 0:00:26]} Ng4 {[%emt 0:00:30]} 4. Bf4 {[%emt 0:05:21]} g5 {[%emt 0:00:57]} 5. Bg3 {[%emt 0:00:30]} Bg7 {[%emt 0:00:05]} 6. Nf3 {[%emt 0:07:56]} Nc6 {[%emt 0:02:05]} 7. e3 {[%emt 0:01:02]} Ngxe5 {[%emt 0:03:17]} 8. Nxe5 {[%emt 0:02:16]} Nxe5 {[%emt 0:01:45]} 9. Nc3 {[%emt 0:01:29]} d6 {[%emt 0:02:41]} 10. Be2 {[%emt 0:07:07]} Be6 {[%emt 0:12:37]} 11. O-O {[%emt 0:00:47]} O-O {[%emt 0:05:58]} 12. Qb3 {[%emt 0:01:59]} f5 {[%emt 0:14:33]} 13. Bxe5 {[%emt 0:00:30]} Bxe5 {[%emt 0:00:30]} 14. Bf3 {[%emt 0:04:05]} Kh8 {[%emt 0:21:22]} 15. Rad1 {[%emt 0:06:20]} Rb8 {[%emt 0:16:45]} 16. Nd5 {[%emt 0:04:20]} b5 {[%emt 0:04:04]} 17. Rd2 {[%emt 0:18:50]} a5 {[%emt 0:08:05]} 18. Be2 {[%emt 0:08:53]} c6 19. Nc3 {[%emt 0:00:30]} bxc4 20. Qc2 {[%emt 0:00:30]} Qb6 21. Na4 {[%emt 0:00:58]} Qb4 22. f4 {[%emt 0:01:14]} gxf4 23. exf4 {[%emt 0:00:15]} Bxb2 24. Qxb2+ {[%emt 0:00:30]} Qxb2 25. Rxb2 {[%emt 0:00:30]} Rb4 26. Bd1 {[%emt 0:00:48]} Rfb8 27. Re2 {[%emt 0:01:13]} Bf7 28. Re7 {[%emt 0:00:10]} Kg8 29. Rc7 {[%emt 0:00:26]} c5 30. Bc2 {[%emt 0:01:09]} Be6 31. Re1 {[%emt 0:00:47]} Bd5 32. Rd1 {[%emt 0:00:37]} Be4 33. Bxe4 {[%emt 0:00:05]} fxe4 34. Nc3 {[%emt 0:00:06]} e3 35. Re7 {[%emt 0:00:21]} d5 36. Nxd5 {[%emt 0:01:03]} Rb1 37. Rf1 {[%emt 0:00:05]} c3 38. Nxc3 {[%emt 0:00:05]} Rxf1+ 39. Kxf1 {[%emt 0:00:30]} 1-0

[Event "Anderssen Festival 2019"]
[Site "Wroclaw"]
[Date "2019.08.08"]
[Round "5.7"]
[White "Skliarov, Viktor"]
[Black "Szajda, Marcin"]
[Result "1-0"]
[WhiteElo "2360"]
[BlackElo "1955"]
[Annotator "NA"]
[PlyCount "115"]
[EventDate "2019.08.05"]
[EventType "swiss"]
[EventCountry "POL"]
[SourceTitle "playchess.com"]
[Source "ChessBase"]
[SourceQuality "1"]
[TimeControl "40/5400+30:900+30"]

1. c4 {[%emt 0:00:00]} c5 {[%emt 0:10:30]} 2. Nc3 {[%emt 0:00:00]} Nc6 {[%emt 0:00:37]} 3. g3 {[%emt 0:00:00]} g6 {[%emt 0:00:58]} 4. Bg2 {[%emt 0:00:42]} Bg7 {[%emt 0:00:06]} 5. Nf3 {[%emt 0:00:14]} Nf6 {[%emt 0:04:01]} 6. O-O {[%emt 0:00:07]} O-O {[%emt 0:03:40]} 7. d4 {[%emt 0:00:06]} cxd4 {[%emt 0:01:24]} 8. Nxd4 {[%emt 0:00:05]} Nxd4 {[%emt 0:06:59]} 9. Qxd4 {[%emt 0:00:07]} d6 {[%emt 0:00:21]} 10. Rd1 {[%emt 0:01:58]} a6 {[%emt 0:07:11]} 11. Qh4 {[%emt 0:02:25]} Qc7 {[%emt 0:02:50]} 12. Bg5 {[%emt 0:09:14]} Be6 {[%emt 0:04:56]} 13. b3 {[%emt 0:01:20]} Rfe8 {[%emt 0:14:08]} 14. Rac1 {[%emt 0:01:03]} Rab8 {[%emt 0:07:26]} 15. Na4 {[%emt 0:16:08]} b6 {[%emt 0:03:58]} 16. Nc3 {[%emt 0:01:36]} Qc5 {[%emt 0:06:58]} 17. Ne4 {[%emt 0:15:20]} Nxe4 {[%emt 0:00:59]} 18. Bxe4 {[%emt 0:00:06]} f6 {[%emt 0:03:01]} 19. Be3 {[%emt 0:01:07]} Qc8 {[%emt 0:01:13]} 20. Bd5 {[%emt 0:02:23]} Kh8 {[%emt 0:03:18]} 21. Qd4 {[%emt 0:02:39]} Bg4 {[%emt 0:08:20]} 22. Qd2 {[%emt 0:01:12]} a5 {[%emt 0:02:43]} 23. a3 {[%emt 0:00:56]} Bd7 {[%emt 0:00:47]} 24. h4 {[%emt 0:00:58]} Bg4 {[%emt 0:01:32]} 25. Kh2 {[%emt 0:01:29]} Rf8 {[%emt 0:00:25]} 26. Bd4 {[%emt 0:04:26]} Bd7 {[%emt 0:01:33]} 27. b4 {[%emt 0:04:43]} axb4 {[%emt 0:00:06]} 28. axb4 {[%emt 0:00:05]} Ba4 {[%emt 0:02:38]} 29. Rh1 {[%emt 0:01:01]} Bc6 {[%emt 0:00:11]} 30. b5 {[%emt 0:01:25]} Bd7 {[%emt 0:01:29]} 31. h5 {[%emt 0:01:20]} gxh5 {[%emt 0:00:32]} 32. Kg2 {[%emt 0:00:27]} Be8 {[%emt 0:00:06]} 33. Qe3 {[%emt 0:02:28]} Qd8 {[%emt 0:00:05]} 34. Be6 {[%emt 0:03:41]} Bg6 {[%emt 0:00:07]} 35. Ra1 {[%emt 0:03:28]} f5 {[%emt 0:00:33]} 36. Ra7 {[%emt 0:00:21]} Bxd4 {[%emt 0:01:13]} 37. Qxd4+ {[%emt 0:00:05]} Rf6 {[%emt 0:00:04]} 38. Rd7 {[%emt 0:00:48]} Qf8 {[%emt 0:00:59]} 39. Ra1 {[%emt 0:00:24]} Be8 {[%emt 0:00:54]} 40. Rc7 {[%emt 0:00:00]} Bf7 {[%emt 0:00:00]} 41. Qxf6+ {[%emt 0:07:20]} exf6 {[%emt 0:00:38]} 42. Rxf7 {[%emt 0:00:03]} Qh6 {[%emt 0:07:16]} 43. Bxf5 {[%emt 0:01:05]} Rf8 {[%emt 0:00:03]} 44. Rxh7+ {[%emt 0:04:08]} Qxh7 {[%emt 0:00:06]} 45. Bxh7 {[%emt 0:00:03]} Kxh7 {[%emt 0:00:09]} 46. Ra7+ {[%emt 0:00:06]} Kg6 {[%emt 0:00:06]} 47. Rc7 {[%emt 0:00:05]} Kf5 {[%emt 0:01:06]} 48. Rc6 {[%emt 0:00:15]} Ke5 {[%emt 0:00:03]} 49. Rxb6 {[%emt 0:00:22]} Rc8 {[%emt 0:00:44]} 50. Rc6 {[%emt 0:00:07]} Rb8 {[%emt 0:00:13]} 51. e3 {[%emt 0:00:43]} f5 {[%emt 0:00:23]} 52. Kf3 {[%emt 0:00:35]} Rh8 {[%emt 0:00:12]} 53. b6 {[%emt 0:03:05]} Rb8 {[%emt 0:00:41]} 54. c5 {[%emt 0:00:29]} dxc5 {[%emt 0:00:20]} 55. Rxc5+ {[%emt 0:00:05]} Kf6 {[%emt 0:00:07]} 56. Rb5 {[%emt 0:00:05]} Rb7 {[%emt 0:00:15]} 57. Kf4 {[%emt 0:00:17]} Kg6 {[%emt 0:00:04]} 58. f3 {[%emt 0:00:27]} 1-0

[Event "Anderssen Festival 2019"]
[Site "Wroclaw"]
[Date "2019.08.08"]
[Round "5.8"]
[White "Krawiecki, Stanislaw"]
[Black "Nowak, Mikolaj"]
[Result "0-1"]
[WhiteElo "1923"]
[BlackElo "2230"]
[Annotator "NA"]
[PlyCount "142"]
[EventDate "2019.08.05"]
[EventType "swiss"]
[EventCountry "POL"]
[SourceTitle "playchess.com"]
[Source "ChessBase"]
[SourceQuality "1"]
[TimeControl "40/5400+30:900+30"]

1. d4 {[%emt 0:00:00]} d6 {[%emt 0:00:00]} 2. e4 {[%emt 0:02:20]} g6 {[%emt 0:00:43]} 3. Bd3 {[%emt 0:00:11]} Bg7 {[%emt 0:00:36]} 4. c3 {[%emt 0:00:30]} Nf6 {[%emt 0:00:21]} 5. f4 {[%emt 0:00:56]} O-O {[%emt 0:00:41]} 6. Nf3 {[%emt 0:00:30]} b6 {[%emt 0:02:30]} 7. Be3 {[%emt 0:02:56]} Bb7 {[%emt 0:01:54]} 8. Nbd2 {[%emt 0:01:13]} d5 {[%emt 0:04:20]} 9. e5 {[%emt 0:03:07]} Ne4 {[%emt 0:00:47]} 10. Ng5 {[%emt 0:10:15]} Nxg5 {[%emt 0:05:23]} 11. fxg5 {[%emt 0:00:47]} f5 {[%emt 0:06:16]} 12. exf6 {[%emt 0:17:46]} exf6 {[%emt 0:00:30]} 13. O-O {[%emt 0:00:11]} Qe7 {[%emt 0:08:45]} 14. Re1 {[%emt 0:02:46]} Nc6 {[%emt 0:13:58]} 15. gxf6 {[%emt 0:04:16]} Qxf6 {[%emt 0:00:30]} 16. Nf3 {[%emt 0:00:05]} Rae8 {[%emt 0:03:44]} 17. Qd2 {[%emt 0:03:23]} Qd6 {[%emt 0:05:23]} 18. Bh6 {[%emt 0:03:13]} Bc8 {[%emt 0:03:59]} 19. Bxg7 {[%emt 0:03:07]} Kxg7 {[%emt 0:00:30]} 20. Rxe8 {[%emt 0:03:23]} Rxe8 {[%emt 0:00:30]} 21. Bb5 {[%emt 0:01:03]} Rf8 {[%emt 0:02:05]} 22. Bxc6 {[%emt 0:01:02]} Qxc6 {[%emt 0:00:30]} 23. Qg5 {[%emt 0:03:08]} Kg8 {[%emt 0:18:45]} 24. Re1 {[%emt 0:02:20]} Bf5 {[%emt 0:04:05]} 25. Qe7 {[%emt 0:10:27]} h6 {[%emt 0:02:00]} 26. Qe3 {[%emt 0:04:32]} Kg7 {[%emt 0:01:14]} 27. Qe7+ {[%emt 0:01:50]} Kg8 {[%emt 0:00:30]} 28. Qh4 {[%emt 0:05:15]} g5 {[%emt 0:02:05]} 29. Qg3 {[%emt 0:00:10]} Be4 {[%emt 0:02:27]} 30. h4 {[%emt 0:03:52]} Qg6 {[%emt 0:07:11]} 31. hxg5 {[%emt 0:01:08]} Rf5 {[%emt 0:01:03]} 32. Qh3 {[%emt 0:04:02]} hxg5 33. Nd2 {[%emt 0:01:02]} Rf7 34. Nxe4 {[%emt 0:00:48]} dxe4 35. Qg4 {[%emt 0:00:10]} Qf6 36. Qe2 {[%emt 0:00:30]} Qf5 37. Rf1 {[%emt 0:00:11]} Qd5 38. Rxf7 {[%emt 0:00:58]} Kxf7 39. b3 {[%emt 0:00:16]} Kg6 40. Qg4 {[%emt 0:00:30]} Qf5 41. Qg3 Qf4 42. Qh3 Kf6 43. Qh8+ Ke7 44. Qg7+ Kd6 45. Qg6+ Kd7 46. d5 Qe5 47. c4 e3 48. Qf7+ Kc8 49. Kf1 Qa1+ 50. Ke2 Qxa2+ 51. Kxe3 Qxb3+ 52. Kd4 Qb2+ 53. Kd3 Qe5 54. Qg6 a5 55. Qc6 Qf5+ 56. Ke2 Qe4+ 57. Kf2 Kb8 58. Kf1 g4 59. Kf2 Qf4+ 60. Ke2 Qe4+ 61. Kf2 Qf4+ 62. Ke2 g3 63. Qe8+ Ka7 64. Qc6 Qe4+ 65. Kd1 Qd3+ 66. Ke1 Qe3+ 67. Kd1 Qg1+ 68. Kd2 Qxg2+ 69. Kd3 Qf3+ 70. Kc2 Qf4 71. Kb3 Qd6 0-1